| 000 | 00829nmc a2200301 a 4500 | ||
|---|---|---|---|
| 003 | AR-BaBNM | ||
| 005 | 20251128204149.0 | ||
| 008 | 045019s1987 ||||||||||||||000 | spa|| | ||
| 020 | _a950-25-1452-1 | ||
| 040 | _cAR-BaBNM | ||
| 245 | 1 | 0 | _aRafael Barrett, anarquismo y denuncia |
| 260 |
_aBuenos Aires _bCentro Editor de América Latina _c1987 |
||
| 300 | _a122 p. | ||
| 490 | 0 |
_aBiblioteca política Argentina _vv. 184 |
|
| 650 | 4 | _aDOCTRINAS POLITICAS | |
| 650 | 4 | _aANARQUISMO | |
| 650 | 4 | _aCONFLICTO SOCIAL | |
| 650 | 4 | _aVIOLACION DE LOS DERECHOS HUMANOS | |
| 650 | 4 | _aCONFLICTO LABORAL | |
| 650 | 4 | _aHUELGA | |
| 650 | 4 | _aPATRIOTISMO | |
| 650 | 4 | _aANTOLOGIAS | |
| 700 | 1 |
_aWarley, Jorge A. _ecompilador |
|
| 700 | 1 | _aBarret, Rafael | |
| 800 | 1 |
_aTroncoso, Oscar _edirector |
|
| 942 | _cBK | ||
| 998 | _cGrace | ||
| 999 |
_c6435 _d6435 |
||